Apuntes para el fin de siglo /
Guardado en:
| Autor Principal: | |
|---|---|
| Formato: | Libro |
| Publicado: |
Buenos Aires :
Instituto Movilizador de Fondos Cooperativos,
1997
|
| Series: | Desde la gente
|
| Materias: | |
| Etiquetas: |
Agregar Etiqueta
Sin Etiquetas, Sea el primero en etiquetar este registro!
|
| LEADER | 01467nam a22002055a 4500 | ||
|---|---|---|---|
| 001 | CEM.cems010807 | ||
| 005 | 20080317132639.0 | ||
| 008 | 130507s1997##################000#0#####d | ||
| 003 | CEMS | ||
| 020 | |a 9508600551 | ||
| 082 | 0 | 4 | |a U868.4 |
| 100 | 1 | |a Galeano, Eduardo | |
| 245 | 1 | 0 | |a Apuntes para el fin de siglo / |c Eduardo Galeano |
| 260 | |a Buenos Aires : |b Instituto Movilizador de Fondos Cooperativos, |c 1997 | ||
| 300 | |a 128 p. | ||
| 490 | 0 | |a Desde la gente | |
| 505 | 0 | |a Mea culpa -- El sistema -- La computadora y yo -- Quinientos años de soledad -- Composición El día de la raza -- El cuerpo -- El elefante -- El pecado de ser original -- Las virtudes del mono y del papagayo -- Defensa de la palabra -- La otra censura -- yo, mutilado capilar -- El exilio, entre la nostalgia y la creación -- Los nadies -- Preguntitas a los presidentes -- Preguntitas a mí -- Las dictaduras invisibles -- El desarrollo -- El carnaval -- Datos para un prontuario -- A pesar de los pesares -- El miedo -- La cultura del terror -- La peste -- Una historia del racismo -- Los hermanos sean unidos -- Y si el desierto fuera mar -- Crónica de Chiapas -- La impunidad militar -- Dos ejemplos de la impunidad del poder -- La desmemoria -- Un hombre de éxito -- Uselo y tírelo -- La autocracia -- Fin de siglo -- La utopía -- El derecho de soñar | |
| 653 | |a Literatura | ||
| 653 | |a Literatura uruguaya siglo 20 | ||
| 859 | |a CEMS |b BIB. CEMS - 11 de abril |h U868.4 |i G131-1 |p 21486.01 |t Ej.1 | ||
